[Event "CAN-op U2400"]
[Site "Montreal CAN"]
[Date "2014.07.26"]
[Round "9"]
[White "Holliman, Robert"]
[Black "Cohen, Lawrence"]
[Result "1/2-1/2"]
[WhiteElo "1976"]
[BlackElo "1922"]
[PlyCount "100"]
[EventDate "2014.07.19"]
[EventType "swiss"]
[EventRounds "9"]
[EventCountry "CAN"]

1. d4 d5 2. Nf3 Nf6 3. e3 a6 4. Bd3 c5 5. b3 cxd4 6. exd4 Bg4 7. Bb2 Nc6 8. a3
e6 9. Nbd2 Bd6 10. h3 Bh5 11. Qe2 Qc7 12. O-O O-O 13. Rfe1 Rae8 14. Qf1 e5 15.
dxe5 Nxe5 16. Nxe5 Bxe5 17. Bxe5 Rxe5 18. f4 Rxe1 19. Rxe1 Qc5+ 20. Qf2 Qxa3
21. g4 Bxg4 22. hxg4 Nxg4 23. Qd4 Qd6 24. Kg2 Qf6 25. Qxf6 Nxf6 26. Re7 Rb8 27.
Nf3 Nh5 28. f5 Nf4+ 29. Kf2 Nxd3+ 30. cxd3 f6 31. Nd4 g5 32. Ne6 a5 33. Rg7+
Kh8 34. Rf7 b5 35. Rxf6 a4 36. bxa4 b4 37. Nc5 b3 38. Nxb3 Rxb3 39. Ke3 Rb4 40.
a5 Rb5 41. a6 Kg7 42. Rd6 Ra5 43. Kf3 Ra4 44. Kg3 Kf7 45. Rxd5 Rxa6 46. Kg4 h6
47. d4 Kf6 48. Rd8 Ke7 49. Rd5 Kf6 50. Rd8 Ke7 1/2-1/2

[Event "CAN-op U2400"]
[Site "Montreal CAN"]
[Date "2014.07.26"]
[Round "9"]
[White "Itkin, David"]
[Black "Doknjas, Joshua"]
[Result "0-1"]
[WhiteElo "2096"]
[BlackElo "1849"]
[PlyCount "72"]
[EventDate "2014.07.19"]
[EventType "swiss"]
[EventRounds "9"]
[EventCountry "CAN"]

1. e4 c5 2. Ne2 Nf6 3. Nbc3 a6 4. d4 cxd4 5. Nxd4 d6 6. Qf3 e6 7. Be3 Nbd7 8.
Be2 Qc7 9. g4 Ne5 10. Qg3 b5 11. g5 Nfd7 12. a3 Bb7 13. h4 Nc4 14. Bc1 Rc8 15.
h5 Nxa3 16. g6 hxg6 17. Rxa3 b4 18. Nxe6 fxe6 19. Qxg6+ Ke7 20. Bg5+ Nf6 21.
Nd5+ Bxd5 22. Rf3 Bxe4 23. Qxe4 Qxc2 24. Qd4 Qb1+ 25. Bd1 Kd7 26. O-O Qa2 27.
Ra3 Qc4 28. Qa7+ Rc7 29. Ba4+ Ke7 30. Qb8 Kf7 31. Bxf6 bxa3 32. Qe8+ Kg8 33.
Bd4 Qxd4 34. Qxe6+ Rf7 35. Bb3 Qf6 36. bxa3 Qg5+ 0-1

[Event "CAN-op U2400"]
[Site "Montreal CAN"]
[Date "2014.07.26"]
[Round "9"]
[White "Jacquet, Stephane"]
[Black "De Kerpel, Stijn"]
[Result "1-0"]
[WhiteElo "1992"]
[BlackElo "2183"]
[PlyCount "55"]
[EventDate "2014.07.19"]
[EventType "swiss"]
[EventRounds "9"]
[EventCountry "CAN"]

1. d4 d5 2. c4 Nc6 3. e3 e5 4. cxd5 Qxd5 5. Nc3 Bb4 6. Bd2 Bxc3 7. bxc3 Nf6 8.
c4 Qd6 9. d5 Ne7 10. Nf3 c6 11. Qa4 O-O 12. Bb4 c5 13. Bc3 Ng6 14. Qc2 Bg4 15.
Bd3 Rfe8 16. Ng5 h6 17. Nxf7 Kxf7 18. Bxg6+ Kf8 19. Bxe8 Rxe8 20. f3 Bd7 21.
O-O b5 22. Qg6 bxc4 23. e4 Re7 24. f4 Be8 25. fxe5 Rxe5 26. Bxe5 Qxe5 27. Qf5
Bd7 28. Qxe5 1-0

[Event "CAN-op U2400"]
[Site "Montreal CAN"]
[Date "2014.07.26"]
[Round "9"]
[White "Klenburg, Mikhail"]
[Black "Fillion, Steve"]
[Result "1-0"]
[WhiteElo "2368"]
[BlackElo "2140"]
[PlyCount "117"]
[EventDate "2014.07.19"]
[EventType "swiss"]
[EventRounds "9"]
[EventCountry "CAN"]

1. g3 d5 2. Nf3 Nf6 3. Bg2 Bf5 4. O-O e6 5. d3 h6 6. c4 c6 7. Be3 Bd6 8. Qb3
Qd7 9. Bd4 O-O 10. Nbd2 Na6 11. Qc3 Bb4 12. Qc1 Be7 13. c5 Qc7 14. Qc3 Nb8 15.
Rfe1 Nbd7 16. Rac1 Rfd8 17. h3 Bh7 18. b4 Bf8 19. Nb3 Re8 20. Ne5 Red8 21. e4
Ne8 22. Ng4 dxe4 23. dxe4 Be7 24. Na5 Nef6 25. Nxf6+ Nxf6 26. Be5 Qc8 27. Nc4
Ne8 28. Bf4 Qd7 29. a4 Qd4 30. Qb3 Qd3 31. Rc3 Qd4 32. Bf3 Qd7 33. Bh5 g6 34.
Bf3 Bf8 35. Rd1 Qe7 36. Rcd3 Bg7 37. Nd6 a6 38. Nc4 e5 39. Rxd8 Rxd8 40. Rxd8
Qxd8 41. Bxe5 Qe7 42. Bxg7 Kxg7 43. Qc3+ f6 44. Qd4 Bg8 45. Na5 Be6 46. Bg4
Bxg4 47. hxg4 Kf7 48. Nc4 Qe6 49. e5 fxe5 50. Nxe5+ Ke7 51. f4 Kf8 52. Kf1 h5
53. Qe4 Kg7 54. g5 Qh3+ 55. Ke2 Qe6 56. Kf3 Nc7 57. Qd4 Qb3+ 58. Nd3+ Kh7 59.
Qd7+ 1-0

[Event "CAN-op U2400"]
[Site "Montreal CAN"]
[Date "2014.07.26"]
[Round "9"]
[White "Le Duin, Thierry"]
[Black "Shi, Diwen"]
[Result "1/2-1/2"]
[WhiteElo "2062"]
[BlackElo "1934"]
[PlyCount "107"]
[EventDate "2014.07.19"]
[EventType "swiss"]
[EventRounds "9"]
[EventCountry "CAN"]

1. d4 Nf6 2. Bg5 d5 3. e3 e6 4. Bd3 Be7 5. Nd2 h6 6. Bh4 Nbd7 7. f4 b6 8. Ngf3
Bb7 9. Ne5 Nxe5 10. fxe5 Ne4 11. Bxe7 Qxe7 12. Bxe4 dxe4 13. O-O O-O 14. c3 f6
15. Qh5 f5 16. Rf2 Qg5 17. Qxg5 hxg5 18. g3 Rf7 19. b4 Raf8 20. Raf1 c5 21.
bxc5 bxc5 22. Nb3 cxd4 23. cxd4 Bd5 24. Nc5 Rc7 25. a3 Rfc8 26. Rc1 Kf7 27. Rb2
Ke7 28. Rb5 g6 29. Rcb1 Rf8 30. Rb8 Rfc8 31. R1b2 Kd8 32. Kf2 Rh7 33. Kg2 Rhc7
34. a4 Ke7 35. a5 Kd8 36. a6 Ke7 37. h4 g4 38. Kf2 Kd8 39. Ke1 Ke7 40. Kd2 Kd8
41. Rb1 Ke7 42. Kc2 Kd8 43. Rxc8+ Kxc8 44. Kc3 Rc6 45. Rh1 Kc7 46. h5 gxh5 47.
Rxh5 Kb6 48. Kb4 Rc7 49. Rh8 Re7 50. Rd8 Kc7 51. Rd6 Kc8 52. Kb5 Kc7 53. Na4
Rd7 54. Rxd7+ 1/2-1/2

[Event "CAN-op U2400"]
[Site "Montreal CAN"]
[Date "2014.07.26"]
[Round "9"]
[White "Lebeau, Gilbert"]
[Black "Libersan, Thierry"]
[Result "0-1"]
[WhiteElo "1998"]
[BlackElo "2090"]
[PlyCount "74"]
[EventDate "2014.07.19"]
[EventType "swiss"]
[EventRounds "9"]
[EventCountry "CAN"]

1. d4 d5 2. c4 e6 3. Nf3 c6 4. Nc3 f5 5. e3 Nf6 6. Bd3 Bd6 7. O-O O-O 8. Qc2
Ne4 9. Ne5 Nd7 10. Nxd7 Bxd7 11. f3 Qh4 12. f4 Rf6 13. Bxe4 fxe4 14. c5 Bc7 15.
a3 Kh8 16. g3 Qh5 17. Qe2 Qf5 18. Bd2 Be8 19. g4 Rg6 20. h3 h5 21. g5 Qxh3 22.
Qg2 Qf5 23. Kh1 Kg8 24. Qg3 Bd8 25. Rg1 Be7 26. Raf1 e5 27. Ne2 exf4 28. exf4
Bd7 29. Rf2 h4 30. Qh2 e3 31. Bxe3 Qe4+ 32. Qg2 Qxe3 33. Rf3 Qd2 34. Qf1 Bf5
35. Nc3 Qxd4 36. Qe1 Bxc5 37. Rg2 Re6 0-1

[Event "CAN-op U2400"]
[Site "Montreal CAN"]
[Date "2014.07.26"]
[Round "9"]
[White "Lee, Megan"]
[Black "Sprumont, Oscar"]
[Result "1/2-1/2"]
[WhiteElo "2094"]
[BlackElo "1948"]
[PlyCount "122"]
[EventDate "2014.07.19"]
[EventType "swiss"]
[EventRounds "9"]
[EventCountry "CAN"]

1. e4 e6 2. d4 d5 3. Nc3 Bb4 4. exd5 exd5 5. Bd3 Nc6 6. Nge2 Nge7 7. O-O Bf5 8.
Be3 O-O 9. Nf4 Bxd3 10. Qxd3 a6 11. Nce2 Qd7 12. Ng3 Ng6 13. Nfh5 Nce7 14. Bh6
f5 15. Bxg7 f4 16. Ne2 f3 17. Neg3 Nf4 18. Nxf4 fxg2 19. Nxg2 Kxg7 20. Qe3 Bd6
21. Rae1 Kh8 22. Qg5 Rf7 23. c3 Rg8 24. Qh5 Nf5 25. Re2 Ng7 26. Qxd5 Bxg3 27.
Qxd7 Bxh2+ 28. Kxh2 Rxd7 29. Rfe1 Rd6 30. f3 Rf6 31. Re3 Rg6 32. R1e2 Rf8 33.
Kg1 Nf5 34. Re8 Kg8 35. Rxf8+ Kxf8 36. Kf2 Kf7 37. Re5 Nd6 38. Nf4 Rh6 39. Rh5
Rxh5 40. Nxh5 Kg6 41. Nf4+ Kf5 42. Kg3 h5 43. Ng2 Kg5 44. Nh4 c6 45. f4+ Kf6
46. Kf3 a5 47. Ke2 a4 48. Kd3 b5 49. b3 axb3 50. axb3 Nf5 51. Nf3 h4 52. c4
bxc4+ 53. Kxc4 h3 54. Kc5 Ne7 55. Kd6 Nf5+ 56. Kc5 Ne7 57. Nh2 Kf5 58. Kd6 Kxf4
59. Kxe7 Kg3 60. Nf1+ Kf2 61. Nh2 Kg3 1/2-1/2

[Event "CAN-op U2400"]
[Site "Montreal CAN"]
[Date "2014.07.26"]
[Round "9"]
[White "Luksza, Arkadiusz"]
[Black "Doubleday, William"]
[Result "1-0"]
[WhiteElo "2107"]
[BlackElo "2059"]
[PlyCount "175"]
[EventDate "2014.07.19"]
[EventType "swiss"]
[EventRounds "9"]
[EventCountry "CAN"]

1. d4 d5 2. c4 e6 3. cxd5 exd5 4. Nc3 Nf6 5. Bg5 c6 6. e3 Be7 7. Bd3 O-O 8.
Nge2 Re8 9. O-O Nbd7 10. Qc2 h6 11. Bh4 Ne4 12. Bg3 Nxg3 13. Nxg3 Nf6 14. Rad1
Be6 15. a3 Rc8 16. b4 a5 17. Qb2 axb4 18. axb4 b5 19. Ra1 Qd6 20. Rfb1 Ra8 21.
Bc2 Bf8 22. Nce2 Nd7 23. Nf4 Nb6 24. Nd3 Rxa1 25. Rxa1 Ra8 26. Rxa8 Nxa8 27.
Nc5 Nb6 28. Qc3 Nc4 29. Qd3 g6 30. h4 Bc8 31. h5 Kg7 32. hxg6 fxg6 33. e4 Qf6
34. exd5 Bxc5 35. dxc5 Ne5 36. Qc3 cxd5 37. Ne2 Nc6 38. Qd2 Be6 39. Nf4 Bf7 40.
Nxd5 Bxd5 41. Qxd5 Nxb4 42. Qd7+ Kf8 43. Bb3 Nc6 44. Qc8+ Ke7 45. Qb7+ Kd8 46.
Qxb5 Qa1+ 47. Kh2 Qe5+ 48. g3 Nd4 49. Qb6+ Kc8 50. Bd1 Qe4 51. Qa6+ Kb8 52.
Qd6+ Ka7 53. Qc7+ Ka8 54. Qd8+ Kb7 55. Qd7+ Kb8 56. Qd8+ Kb7 57. Qb6+ Kc8 58.
Qb2 h5 59. Qc3 Kc7 60. Qa5+ Kc8 61. Qa6+ Kb8 62. Qd6+ Kc8 63. Qf8+ Kc7 64. Qf6
Qd3 65. Qe7+ Kc8 66. Ba4 Nf3+ 67. Kg2 Nd2 68. Qe8+ Kc7 69. Qe7+ Kc8 70. Qe6+
Kc7 71. Qf7+ Kc8 72. Bc6 Qf1+ 73. Kh2 Qd3 74. Qb7+ Kd8 75. Qb8+ Ke7 76. Qe5+
Kd8 77. Qd5+ Qxd5 78. Bxd5 g5 79. Kh3 Kc7 80. f4 gxf4 81. gxf4 Nf1 82. Kh4 Ne3
83. Be4 Kd7 84. Kxh5 Ke6 85. Kg6 Ke7 86. c6 Kd6 87. f5 Nxf5 88. Kxf5 1-0

[Event "CAN-op U2400"]
[Site "Montreal CAN"]
[Date "2014.07.26"]
[Round "9"]
[White "Noritsyn, Sergey"]
[Black "Gilbert, Erick"]
[Result "1-0"]
[WhiteElo "1821"]
[BlackElo "1946"]
[PlyCount "63"]
[EventDate "2014.07.19"]
[EventType "swiss"]
[EventRounds "9"]
[EventCountry "CAN"]

1. e4 c5 2. Nf3 e6 3. c3 d5 4. exd5 Qxd5 5. d4 cxd4 6. cxd4 Bb4+ 7. Nc3 Nf6 8.
Bd3 O-O 9. O-O Qh5 10. Re1 Nc6 11. Bg5 Be7 12. Ne2 Bd6 13. h3 h6 14. Bxf6 gxf6
15. Nc3 f5 16. d5 Nb4 17. Be2 Qg6 18. dxe6 Qxe6 19. a3 Nc6 20. Bb5 Qg6 21. Nd5
Be6 22. Bxc6 bxc6 23. Ne5 Qg7 24. Nxc6 Bxd5 25. Qxd5 Qf6 26. Rad1 Rad8 27. Nxd8
Rxd8 28. Qb3 Rb8 29. Qd3 Rd8 30. Kh1 Qxb2 31. Qxf5 Qg7 32. Rxd6 1-0

[Event "CAN-op U2400"]
[Site "Montreal CAN"]
[Date "2014.07.26"]
[Round "9"]
[White "Reeve, Jeff"]
[Black "Baciu, Diana"]
[Result "1-0"]
[WhiteElo "2245"]
[BlackElo "2294"]
[PlyCount "93"]
[EventDate "2014.07.19"]
[EventType "swiss"]
[EventRounds "9"]
[EventCountry "CAN"]

1. e4 e6 2. d3 d5 3. Qe2 Ne7 4. Nf3 c5 5. g3 Nbc6 6. Bg2 g6 7. O-O Bg7 8. Re1
O-O 9. e5 Qc7 10. c3 b6 11. Bf4 Ba6 12. Nbd2 b5 13. a3 Qb6 14. b4 cxb4 15. Be3
Qc7 16. axb4 Bb7 17. Bc5 a5 18. d4 Ba6 19. Bd6 Qb7 20. Nb3 a4 21. Nc5 Qa7 22.
Bf1 Rfc8 23. Nxa6 Qxa6 24. Qxb5 Qxb5 25. Bxb5 a3 26. Bc5 Bf8 27. Reb1 a2 28.
Rb2 Ra3 29. Rbxa2 Rxc3 30. Kg2 Rb8 31. Bxc6 Nxc6 32. Ra8 Bxc5 33. Rxb8+ Nxb8
34. dxc5 Kg7 35. Ra7 Nc6 36. Rb7 g5 37. Nxg5 Nxe5 38. Nxe6+ Kf6 39. Nf4 Rc2 40.
Nxd5+ Ke6 41. Nf4+ Kf5 42. h3 Ke4 43. Rb8 Rc4 44. Re8 Kf5 45. Nd5 Ke4 46. Ne3
Rxb4 47. Ng4 1-0

[Event "CAN-op U2400"]
[Site "Montreal CAN"]
[Date "2014.07.26"]
[Round "9"]
[White "Robichaud, Louis"]
[Black "Caluza, Severo"]
[Result "1-0"]
[WhiteElo "2075"]
[BlackElo "1725"]
[PlyCount "133"]
[EventDate "2014.07.19"]
[EventType "swiss"]
[EventRounds "9"]
[EventCountry "CAN"]

1. e4 e6 2. d3 g6 3. g3 Bg7 4. Bg2 d5 5. Nd2 Ne7 6. Ngf3 b6 7. O-O c5 8. exd5
exd5 9. c4 O-O 10. cxd5 Nxd5 11. Nc4 b5 12. a4 bxc4 13. dxc4 Nb4 14. Be3 Qxd1
15. Raxd1 N8a6 16. b3 Bf5 17. Ng5 Rae8 18. Rd6 h6 19. Bb7 Be5 20. Rxa6 Nxa6 21.
Bxa6 Bd6 22. Nf3 Rb8 23. Bxh6 Rfe8 24. Bb5 Re2 25. Nd2 Be5 26. Be3 Bd4 27. Bf4
Rf8 28. Nf3 Bh3 29. Nxd4 cxd4 30. Rd1 Rb2 31. b4 Bg4 32. f3 Bxf3 33. Rxd4 Rg2+
34. Kf1 a6 35. Bd7 Rxh2 36. c5 Kg7 37. g4 Rb2 38. g5 f6 39. gxf6+ Kf7 40. Rd2
Rxb4 41. Be5 Rc4 42. Rh2 Rc1+ 43. Kf2 Bh5 44. c6 Rd8 45. Kg3 Rxd7 46. cxd7 Rd1
47. Rb2 Rxd7 48. Kf4 Bd1 49. a5 Ba4 50. Rb8 Rd1 51. Rb7+ Bd7 52. Bc3 Rd3 53.
Rc7 Rd5 54. Ke4 Rd1 55. Bd4 Ke6 56. Rc2 Re1+ 57. Kf4 Be8 58. Rc7 Bd7 59. Ra7
Rf1+ 60. Kg5 Rf5+ 61. Kxg6 Be8+ 62. Kg7 Kd5 63. Bb6 Rg5+ 64. Kf8 Bh5 65. Rxa6
Rf5 66. Bd8 Be2 67. Rb6 1-0

[Event "CAN-op U2400"]
[Site "Montreal CAN"]
[Date "2014.07.26"]
[Round "9"]
[White "Robidas, Francois"]
[Black "Gauthier, Denis"]
[Result "1/2-1/2"]
[WhiteElo "1935"]
[BlackElo "1909"]
[PlyCount "97"]
[EventDate "2014.07.19"]
[EventType "swiss"]
[EventRounds "9"]
[EventCountry "CAN"]

1. c4 e5 2. Nc3 Nc6 3. g3 f5 4. Bg2 Nf6 5. d3 Bb4 6. a3 Bxc3+ 7. bxc3 O-O 8.
Nf3 d6 9. O-O Qe7 10. Rb1 Rb8 11. Ne1 Bd7 12. Nc2 h6 13. f4 e4 14. Ne3 Rfe8 15.
d4 b6 16. Qb3 Na5 17. Qa2 c5 18. Rd1 Be6 19. Bh3 g6 20. Bb2 Qf7 21. d5 Bd7 22.
a4 h5 23. Kg2 Kg7 24. Rh1 Rh8 25. Bc1 Ng4 26. Nc2 Qf6 27. Bd2 Bc8 28. e3 Bd7
29. Kf1 Kf7 30. Bg2 Qe7 31. h4 Ra8 32. Ke1 Rhb8 33. Bf1 Qe8 34. Ra1 Kg7 35. Be2
Nf6 36. Kf2 Qf7 37. Qa3 Bc8 38. Qa2 Bd7 39. Qa3 Qe7 40. Qa2 Qe8 41. Rhb1 Qd8
42. Qb2 Be8 43. Qa2 Qd7 44. Qb2 Bf7 45. Qa2 a6 46. Rb2 Qc7 47. Rbb1 Rb7 48. Rb2
Raa7 49. Rab1 1/2-1/2

[Event "CAN-op U2400"]
[Site "Montreal CAN"]
[Date "2014.07.26"]
[Round "9"]
[White "Singher, Jean-Pierre"]
[Black "Allard, Laurent"]
[Result "0-1"]
[WhiteElo "2060"]
[BlackElo "1945"]
[PlyCount "66"]
[EventDate "2014.07.19"]
[EventType "swiss"]
[EventRounds "9"]
[EventCountry "CAN"]

1. Nf3 Nf6 2. d4 g6 3. g3 Bg7 4. Bg2 O-O 5. O-O d6 6. c3 c5 7. Nbd2 cxd4 8.
cxd4 Nc6 9. Re1 Bd7 10. a3 Rc8 11. b3 Nd5 12. Bb2 b5 13. e4 Nb6 14. Qe2 a5 15.
Rab1 b4 16. a4 Bg4 17. h3 Bxf3 18. Nxf3 d5 19. Ne5 Nxe5 20. dxe5 e6 21. Red1
Qe7 22. Bd4 Nd7 23. exd5 exd5 24. f4 Rfd8 25. Qb5 Nc5 26. Qxa5 Ne4 27. Rbc1
Nxg3 28. Rxc8 Rxc8 29. Qxd5 Ne2+ 30. Kf1 Nxf4 31. Qd6 Qg5 32. Bc6 Qh5 33. Ke1
Qe2# 0-1

[Event "CAN-op U2400"]
[Site "Montreal CAN"]
[Date "2014.07.26"]
[Round "9"]
[White "Song, Sam"]
[Black "Poulin, Mathieu"]
[Result "0-1"]
[WhiteElo "2030"]
[BlackElo "1992"]
[PlyCount "58"]
[EventDate "2014.07.19"]
[EventType "swiss"]
[EventRounds "9"]
[EventCountry "CAN"]

1. e4 c6 2. d4 d5 3. exd5 cxd5 4. Bd3 Nf6 5. c3 Bg4 6. Qb3 Qc7 7. Ne2 Bxe2 8.
Bxe2 e6 9. Na3 Nbd7 10. Nb5 Qb8 11. g3 Bd6 12. Nxd6+ Qxd6 13. Qxb7 O-O 14. Bf4
e5 15. dxe5 Nxe5 16. Qa6 Qe7 17. O-O-O Rab8 18. Rhe1 Rb6 19. Qa5 Rfb8 20. Bh5
Nd3+ 21. Kd2 Nxe1 22. Bxb8 Rxb2+ 23. Kc1 Rxb8 24. c4 Nxh5 25. Rxe1 Qg5+ 26. Qd2
Qxd2+ 27. Kxd2 dxc4 28. Kc3 Rc8 29. Re7 Nf6 0-1

[Event "CAN-op U2400"]
[Site "Montreal CAN"]
[Date "2014.07.26"]
[Round "9"]
[White "Thau, Peter"]
[Black "Drkulec, Vladimir"]
[Result "0-1"]
[WhiteElo "1813"]
[BlackElo "1922"]
[PlyCount "134"]
[EventDate "2014.07.19"]
[EventType "swiss"]
[EventRounds "9"]
[EventCountry "CAN"]

1. d4 Nf6 2. c4 e6 3. Nc3 Bb4 4. a3 Bxc3+ 5. bxc3 b6 6. Nf3 d6 7. e3 Bb7 8. Be2
Ne4 9. Bb2 c5 10. d5 e5 11. Qc2 Nf6 12. O-O O-O 13. Nd2 Re8 14. Ne4 Nxe4 15.
Qxe4 Nd7 16. Qc2 e4 17. Rae1 f5 18. f3 exf3 19. Bxf3 g6 20. e4 fxe4 21. Bxe4
Ne5 22. Bc1 Rf8 23. Bf4 Qe8 24. Bh6 Rxf1+ 25. Rxf1 Qe7 26. g3 Ba6 27. Rf4 Nf7
28. Rh4 Nxh6 29. Rxh6 Kg7 30. Rh4 Bxc4 31. Qc1 Rf8 32. Qh6+ Kg8 33. Kg2 Qf7 34.
Rf4 Qe7 35. Rh4 Bf1+ 36. Kg1 Bb5 37. Kg2 Bd7 38. Rf4 Rxf4 39. Qxf4 Kg7 40. Bf3
Qf6 41. Qd2 Qe5 42. Qc2 Qe3 43. Qb2 Kg8 44. c4 Qe5 45. Qc2 Qf6 46. Qb3 Qd4 47.
Qc2 Kg7 48. Qe2 Kf6 49. Be4 Qc3 50. Qf2+ Ke7 51. Qe2 Kd8 52. Qa2 Qe3 53. Bf3
Qc3 54. Be4 Qe1 55. Bf3 Kc7 56. Qb2 Qe5 57. Qd2 g5 58. Bd1 Bf5 59. Bc2 Qb2 60.
Qxg5 Qxc2+ 61. Kf3 Qe4+ 62. Kf2 Kb7 63. Qg7+ Ka6 64. Qh6 Qd4+ 65. Qe3 Bd3 66.
Kf3 Qxe3+ 67. Kxe3 Bxc4 0-1

[Event "CAN-op U2400"]
[Site "Montreal CAN"]
[Date "2014.07.26"]
[Round "9"]
[White "Tonakanian, Stephan"]
[Black "Chabot, Roland"]
[Result "0-1"]
[WhiteElo "1922"]
[BlackElo "2198"]
[PlyCount "82"]
[EventDate "2014.07.19"]
[EventType "swiss"]
[EventRounds "9"]
[EventCountry "CAN"]

1. d4 d6 2. Nf3 Bg4 3. Nbd2 Nf6 4. c4 c6 5. g3 Bxf3 6. Nxf3 e6 7. Bg2 Be7 8.
O-O O-O 9. Qc2 d5 10. b3 Nbd7 11. Rd1 a5 12. Bb2 Re8 13. Ne5 Bf8 14. h3 g6 15.
Rac1 Bg7 16. e3 Nxe5 17. dxe5 Nd7 18. f4 dxc4 19. bxc4 Qc7 20. Ba3 Bf8 21. Bd6
Bxd6 22. exd6 Qb6 23. c5 Qa7 24. a4 Rab8 25. Kh2 Rec8 26. e4 b6 27. cxb6 Rxb6
28. f5 exf5 29. exf5 c5 30. Bd5 Qb8 31. fxg6 Rb2 32. Bxf7+ Kg7 33. Be6 Rd8 34.
gxh7 Ne5 35. d7 Nf3+ 36. Kh1 Rxc2 37. Rxc2 Kxh7 38. Bf5+ Kg7 39. Rd5 Qb1+ 40.
Kg2 Ne1+ 41. Kf2 Nxc2 0-1

[Event "CAN-op U2400"]
[Site "Montreal CAN"]
[Date "2014.07.26"]
[Round "9"]
[White "Trahan, Daniel"]
[Black "Pepin, Christian"]
[Result "0-1"]
[WhiteElo "2078"]
[BlackElo "1929"]
[PlyCount "98"]
[EventDate "2014.07.19"]
[EventType "swiss"]
[EventRounds "9"]
[EventCountry "CAN"]

1. d4 d5 2. c4 e6 3. Nc3 f5 4. g3 Nf6 5. Bg2 Be7 6. Nf3 O-O 7. O-O c6 8. b3 Bd7
9. Qc2 Be8 10. a4 Bh5 11. Ng5 Qd7 12. Ba3 Bxa3 13. Rxa3 h6 14. Nf3 Bxf3 15.
Bxf3 dxc4 16. e3 cxb3 17. Rxb3 a5 18. Rfb1 Ra7 19. Qb2 Rf7 20. Na2 Na6 21. Be2
g5 22. Bxa6 bxa6 23. Qc3 Qd5 24. Qd3 Ne4 25. Nc3 Nxc3 26. Qxc3 h5 27. Rb6 Rac7
28. Qc5 Qe4 29. Rc1 h4 30. Rxc6 h3 31. Kf1 Rb7 32. Rc8+ Kg7 33. Qc6 Rb4 34. Qa8
Qxa8 35. Rxa8 Rxa4 36. Rxa6 Re7 37. g4 f4 38. f3 fxe3 39. Rc5 Ra2 40. Rxg5+ Kf7
41. Rgxa5 Rxh2 42. Kg1 Rg2+ 43. Kh1 Rb7 44. Ra7 Rxa7 45. Rxa7+ Kf6 46. g5+ Kg6
47. Re7 Kf5 48. Rf7+ Kg6 49. Re7 Rd2 {...} 0-1

[Event "CAN-op U2400"]
[Site "Montreal CAN"]
[Date "2014.07.26"]
[Round "9"]
[White "Turcotte, Jonathan"]
[Black "Abreu Cordero, Jose"]
[Result "1/2-1/2"]
[WhiteElo "1971"]
[BlackElo "2069"]
[PlyCount "110"]
[EventDate "2014.07.19"]
[EventType "swiss"]
[EventRounds "9"]
[EventCountry "CAN"]

1. d4 Nf6 2. Nf3 d5 3. c4 c6 4. Nc3 e6 5. Bg5 Be7 6. e3 O-O 7. Rc1 h6 8. Bh4
Ne4 9. Bxe7 Qxe7 10. Bd3 f5 11. O-O Nd7 12. Qc2 g6 13. Ne2 Kg7 14. Nf4 Qe8 15.
Be2 Nd6 16. b3 g5 17. Nd3 Qe7 18. Nd2 Nf6 19. f3 Bd7 20. Ne5 Be8 21. b4 a6 22.
Rfe1 Rd8 23. Qb3 Nf7 24. Nd3 Nd6 25. Bf1 Bf7 26. Ne5 Nd7 27. Nxd7 Rxd7 28. c5
Ne8 29. Qc3 Qf6 30. a4 Nc7 31. Rb1 Re7 32. f4 Be8 33. Nf3 Kg8 34. Ne5 Rg7 35.
g3 h5 36. Nf3 g4 37. Nh4 Bd7 38. Bd3 Ra8 39. Kf2 Kf7 40. Rh1 Rh8 41. Qd2 Qd8
42. Qe2 Kf6 43. h3 Rgh7 44. Rh2 Qg8 45. Rbh1 Qg7 46. Ng2 Ke7 47. h4 Ra8 48. Rb1
Rah8 49. Rhh1 Rb8 50. Rb3 Qf8 51. Rhb1 Qe8 52. Ne1 Kf6 53. Qb2 Ke7 54. Nc2 Kf7
55. Na3 b5 1/2-1/2

[Event "CAN-op U2400"]
[Site "Montreal CAN"]
[Date "2014.07.26"]
[Round "9"]
[White "Twesigye, Derick"]
[Black "Li, Kevin"]
[Result "1/2-1/2"]
[WhiteElo "2023"]
[BlackElo "2152"]
[PlyCount "56"]
[EventDate "2014.07.19"]
[EventType "swiss"]
[EventRounds "9"]
[EventCountry "CAN"]

1. e4 c5 2. Nf3 d6 3. d4 cxd4 4. Nxd4 Nf6 5. Nc3 Nc6 6. Bg5 Bd7 7. Qd2 Rc8 8.
O-O-O Nxd4 9. Qxd4 Qa5 10. Bd2 e5 11. Qd3 Ng4 12. Qe2 Be7 13. Kb1 Qc5 14. f3
Nf2 15. Be3 Nxd1 16. Bxc5 Nxc3+ 17. bxc3 Rxc5 18. Qd2 b5 19. h4 O-O 20. g3 Bc6
21. Bh3 Rb8 22. Re1 Rc4 23. Re3 Rb6 24. Rd3 Bb7 25. Bd7 Rc7 26. Bh3 Rc4 27. Bd7
Rc7 28. Bh3 Rc4 1/2-1/2

[Event "CAN-op U2400"]
[Site "Montreal CAN"]
[Date "2014.07.26"]
[Round "9"]
[White "Upper, John"]
[Black "Nikulich, Oleksandr"]
[Result "1-0"]
[WhiteElo "2042"]
[BlackElo "2008"]
[PlyCount "91"]
[EventDate "2014.07.19"]
[EventType "swiss"]
[EventRounds "9"]
[EventCountry "CAN"]

1. Nf3 f5 2. c4 Nf6 3. g3 g6 4. b4 Bg7 5. Bb2 O-O 6. Bg2 d6 7. d4 Ne4 8. Qc2
Nc6 9. b5 Nb8 10. Nbd2 Nxd2 11. Qxd2 Nd7 12. O-O Nf6 13. e3 Bd7 14. d5 Ne4 15.
Qc2 Bxb2 16. Qxb2 e5 17. dxe6 Bxe6 18. Rac1 Qf6 19. Qc2 Bd7 20. Nd4 Rfe8 21.
Rfd1 Re7 22. Ne2 g5 23. Nc3 Nxc3 24. Qxc3 Qxc3 25. Rxc3 Rb8 26. Ra3 Be6 27. Bd5
Bxd5 28. Rxd5 Rf7 29. Rxa7 b6 30. a4 Kg7 31. g4 h6 32. gxf5 Kf6 33. f3 Re8 34.
Kf2 Ree7 35. a5 bxa5 36. Rxa5 Kg7 37. Ra6 Rd7 38. Rc6 Rde7 39. e4 Rd7 40. Kg3
Kf8 41. Kg4 Rh7 42. f6 Ke8 43. Kf5 Kf8 44. Kg6 Rdf7 45. Rdxd6 cxd6 46. Rc8# 1-0

[Event "CAN-op U2400"]
[Site "Montreal CAN"]
[Date "2014.07.26"]
[Round "9"]
[White "Wiebe, Daniel"]
[Black "Anastasovski, Nikola"]
[Result "1-0"]
[WhiteElo "1874"]
[BlackElo "2059"]
[PlyCount "51"]
[EventDate "2014.07.19"]
[EventType "swiss"]
[EventRounds "9"]
[EventCountry "CAN"]

1. e4 e5 2. Nf3 Nc6 3. d4 exd4 4. Nxd4 Bc5 5. Be3 Qf6 6. Nb5 Bxe3 7. fxe3 Qd8
8. Qg4 g6 9. Qf4 d6 10. Bc4 Ne5 11. O-O Be6 12. Bxe6 fxe6 13. Nxc7+ Kd7 14.
Nxa8 Qxa8 15. Nc3 a6 16. Rad1 Kc6 17. Rxd6+ Kxd6 18. Rd1+ Ke7 19. Qxe5 Nf6 20.
Qc7+ Ke8 21. e5 Rf8 22. exf6 Rf7 23. Qe5 Qc8 24. Ne4 Kf8 25. Qc5+ Qxc5 26. Rd8#
1-0

[Event "CAN-op U2400"]
[Site "Montreal CAN"]
[Date "2014.07.26"]
[Round "9"]
[White "Zhu, Hong Rui"]
[Black "Van Hoolandt, Patrick"]
[Result "1-0"]
[WhiteElo "2069"]
[BlackElo "2236"]
[PlyCount "55"]
[EventDate "2014.07.19"]
[EventType "swiss"]
[EventRounds "9"]
[EventCountry "CAN"]

1. e4 e5 2. Nf3 Nc6 3. d4 exd4 4. Bc4 Bc5 5. c3 Nf6 6. cxd4 Bb4+ 7. Bd2 Bxd2+
8. Nbxd2 d5 9. exd5 Nxd5 10. Qb3 Na5 11. Qa4+ Nc6 12. Qb3 Na5 13. Qa4+ Nc6 14.
Ne5 O-O 15. Bxd5 Nxe5 16. Be4 Ng4 17. O-O Qd6 18. Nf3 Nf6 19. Rfe1 Bd7 20. Qb3
Nxe4 21. Rxe4 Bc6 22. Re3 Bxf3 23. Rxf3 Qxd4 24. Qxb7 Rab8 25. Qxc7 Rxb2 26.
Qc3 Rfb8 27. Qxd4 Rb1+ 28. Qd1 1-0

[Event "CYCC U08"]
[Site "Montreal CAN"]
[Date "2014.07.17"]
[Round "6"]
[White "Issani, Nameer"]
[Black "Chen, Max"]
[Result "1-0"]
[WhiteElo "1919"]
[BlackElo "1279"]
[PlyCount "89"]
[EventDate "2014.07.15"]
[EventType "swiss"]
[EventRounds "7"]
[EventCountry "CAN"]

1. e4 c5 2. Nf3 e6 3. d4 cxd4 4. Nxd4 a6 5. Nc3 Qc7 6. Be3 Nc6 7. Be2 Nge7 8.
O-O b5 9. a3 Na7 10. f4 Bb7 11. Bf3 g6 12. e5 Rc8 13. Nb3 Nac6 14. Ne4 Nf5 15.
Nf6+ Kd8 16. Bf2 d6 17. g4 Ng7 18. Bh4 Qb6+ 19. Rf2 Kc7 20. Bg3 d5 21. Kg2 Ne8
22. Re2 Nxf6 23. exf6 Bd6 24. c3 Rhd8 25. Bf2 d4 26. cxd4 Kb8 27. d5 Qc7 28.
dxc6 Bxc6 29. Nd4 Bxf3+ 30. Nxf3 Bxf4 31. Qg1 Qb7 32. Be3 Rd3 33. Bxf4+ Ka8 34.
Qf2 Rc4 35. Rd2 Rxf3 36. Qxf3 Rxf4 37. Qxb7+ Kxb7 38. Rd7+ Kc8 39. Rxf7 Kb8 40.
h3 Kc8 41. g5 Kb8 42. Rxh7 Ka8 43. Rd1 Rf2+ 44. Kxf2 Kb8 45. Rd8# 1-0